[Event "5. Kaltern-Trophy 2022 Open B"]
[Site "Kaltern"]
[Date "2022.10.22"]
[Round "3"]
[Board "18"]
[White "Zanin, Luca"]
[Black "Ribechi, Federico"]
[Result "1-0"]
[WhiteElo "1669"]
[BlackElo "999"]
[PlyCount "118"]
[EventDate "2022.10.21"]
[EventRounds "5"]
[EventCountry "ITA"]

1. d4 Nf6 2. Nf3 e6 3. e3 b6 4. Bd3 Bb7 5. Nbd2 Be7 6. O-O d5 7. b3 Nbd7 8. Bb2 O-O
9. c4 Rc8 10. Rc1 c5 11. Qe2 cxd4 12. exd4 Re8 13. Rfd1 Ba6 14. Ne5 Nxe5 15. dxe5
Nd7 16. Qf3 Nf8 17. Bf1 Bg5 18. Rc2 Qe7 19. Qg4 Red8 20. Nf3 Bh6 21. Bc1 Bxc1 22.
Rdxc1 Qb4 23. h3 Qe7 24. cxd5 Qa3 25. Rxc8 Bxc8 26. Rc2 Bd7 27. d6 Qa5 28. Qd4 Qd5
29. Bc4 Qa5 30. a4 a6 31. Qd2 Qxd2 32. Rxd2 b5 33. axb5 axb5 34. Bd3 g6 35. Rc2 Kg7
36. Nd4 f6 37. f4 h6 38. Nxb5 Kf7 39. Nd4 f5 40. Rc7 Ke8 41. Bc4 Rc8 42. Rxc8+ Bxc8
43. Kf2 Bd7 44. Ke3 g5 45. g3 Kd8 46. b4 Kc8 47. Bb5 gxf4+ 48. gxf4 Bxb5 49. Nxb5
Kb7 50. Nc7 Kb6 51. Kd4 h5 52. Kc4 h4 53. Kd4 Kb7 54. Kc4 Kb6 55. b5 Kb7 56. Na6
Kb6 57. Nc5 Ng6 58. Nxe6 Nh8 59. d7 Nf7  1-0

[Event "5. Kaltern-Trophy 2022 Open B"]
[Site "Kaltern"]
[Date "2022.10.22"]
[Round "3"]
[Board "19"]
[White "Saroldi, Giacomo"]
[Black "Stivaletta, Andrea"]
[Result "1/2-1/2"]
[WhiteElo "1500"]
[BlackElo "1667"]
[PlyCount "95"]
[EventDate "2022.10.21"]
[EventRounds "5"]
[EventCountry "ITA"]

1. e4 e5 2. Nc3 Nf6 3. f4 d6 4. Nf3 Nc6 5. d4 Bg4 6. Bb5 exd4 7. Qxd4 Bd7 8. Bxc6
Bxc6 9. O-O Be7 10. Bd2 O-O 11. Qd3 b6 12. Nd4 Bb7 13. Nf5 Re8 14. Qg3 g6 15. Nxe7+
Rxe7 16. f5 Nxe4 17. Nxe4 Rxe4 18. fxg6 hxg6 19. Rf2 Qd7 20. Qc3 d5 21. Raf1 d4 22.
Qf3 Bd5 23. c4 dxc3 24. Bxc3 Qe6 25. Qd1 f5 26. Qd2 Qf7 27. h3 Rae8 28. Qg5 Kh7 29.
Rf4 Qf8 30. Rxf5 gxf5 31. Rxf5 Qh6 32. Rxd5 Qxg5 33. Rxg5 Rg8 34. Rf5 Kg6 35. Rf3
Rge8 36. a3 c5 37. Rf6+ Kg5 38. Rf7 a6 39. Rf6 R8e6 40. Rf8 b5 41. Rg8+ Rg6 42. Rd8
b4 43. axb4 cxb4 44. Rd5+ Kh4 45. Bd2 a5 46. Kf2 Rf6+ 47. Kg1 Rc6 48. Rxa5  1/2-1/2

[Event "5. Kaltern-Trophy 2022 Open B"]
[Site "Kaltern"]
[Date "2022.10.22"]
[Round "3"]
[Board "20"]
[White "Agolzer, Luca"]
[Black "Aab, Manfred"]
[Result "0-1"]
[WhiteElo "1369"]
[BlackElo "1706"]
[PlyCount "135"]
[EventDate "2022.10.21"]
[EventRounds "5"]
[EventCountry "ITA"]

1. e4 e5 2. Nf3 Nc6 3. Bb5 a6 4. Ba4 Nf6 5. O-O Be7 6. Re1 b5 7. Bb3 O-O 8. a4 b4
9. c3 Bb7 10. d4 exd4 11. cxd4 d6 12. Nbd2 Na5 13. Ba2 c5 14. d5 Nd7 15. Qe2 Bf6
16. Rb1 Re8 17. Qd3 Qc7 18. b3 Re7 19. Bb2 Rae8 20. Bxf6 Nxf6 21. Rbc1 Qd7 22. Bb1
g6 23. Qf1 Nh5 24. g3 Ng7 25. Bd3 Qc8 26. Bc4 Nxc4 27. Nxc4 Qd8 28. Nfd2 a5 29. Re3
f5 30. Qd3 Ba6 31. Rce1 fxe4 32. Rxe4 Nf5 33. Rxe7 Rxe7 34. Rxe7 Nxe7 35. Qe3 Bc8
36. Nxa5 Nf5 37. Nc6 Nxe3 38. Nxd8 Nxd5 39. Nc4 Nc7 40. Nxd6 Ba6 41. Ne4 c4 42. bxc4
Bxc4 43. Nd2 Bd5 44. f4 b3 45. Nxb3 Bxb3 46. Nc6 Bxa4 47. Ne5 Kg7 48. Kf2 Kf6 49.
Ke3 Kf5 50. g4+ Kf6 51. h3 Ne8 52. Kf3 Nd6 53. h4 Nf7 54. Nxf7 Kxf7 55. f5 gxf5 56.
gxf5 Kf6 57. Kg4 Bc2 58. Kh5 Bxf5 59. Kh6 Bc2 60. h5 Kf7 61. Kg5 Kg7 62. h6+ Kf7
63. Kh5 Kf6 64. Kg4 Kg6 65. Kh4 Kxh6 66. Kg4 Kg6 67. Kh3 Kh5 68. Kh2  0-1

[Event "5. Kaltern-Trophy 2022 Open B"]
[Site "Kaltern"]
[Date "2022.10.22"]
[Round "3"]
[Board "21"]
[White "Mitterholzer, Helmuth"]
[Black "Cescatti, Riccardo"]
[Result "0-1"]
[WhiteElo "1453"]
[BlackElo "1536"]
[PlyCount "26"]
[EventDate "2022.10.21"]
[EventRounds "5"]
[EventCountry "ITA"]

1. e4 d5 2. exd5 Nf6 3. c4 e6 4. dxe6 Bxe6 5. Nc3 Qe7 6. Qe2 Nc6 7. Nf3 Nb4 8. d3
O-O-O 9. Be3 Nxd3+ 10. Kd2 Nf4+ 11. Kc2 Nxe2 12. Bxe2 Bf5+ 13. Kb3 Qb4#  0-1

[Event "5. Kaltern-Trophy 2022 Open B"]
[Site "Kaltern"]
[Date "2022.10.22"]
[Round "3"]
[Board "22"]
[White "Cavallaro, Manlio"]
[Black "Anrather, Eva"]
[Result "1/2-1/2"]
[WhiteElo "1292"]
[BlackElo "1498"]
[PlyCount "133"]
[EventDate "2022.10.21"]
[EventRounds "5"]
[EventCountry "ITA"]

1. e4 e5 2. Nf3 Nf6 3. Nc3 d6 4. d3 Bg4 5. Bg5 Be7 6. Be2 h6 7. Bh4 Nc6 8. h3 Bh5
9. Qd2 Bxf3 10. Bxf3 Nd4 11. Bg3 Nxf3+ 12. gxf3 Nh5 13. h4 c6 14. Ne2 O-O 15. O-O-O
Rb8 16. Kb1 f5 17. Rdf1 f4 18. Bh2 Bxh4 19. d4 Qb6 20. Bg1 Rbd8 21. Rxh4 Nf6 22.
Qc3 Qb5 23. Qb3+ Qxb3 24. axb3 Nh7 25. Bh2 Ng5 26. Kc1 Nxf3 27. Rh3 Ng5 28. Rd3 Nxe4
29. f3 Ng5 30. Bg1 Rfe8 31. dxe5 dxe5 32. Rfd1 Rxd3 33. Rxd3 Re7 34. Bxa7 Kf7 35.
Bc5 Re6 36. Bf2 Nh3 37. Bb6 Re7 38. Kd2 Ke6 39. Ke1 Rd7 40. Rc3 h5 41. Ng1 Ng5 42.
Bf2 Nf7 43. Nh3 Kf5 44. Ke2 g5 45. Rd3 Rxd3 46. cxd3 g4 47. fxg4+ hxg4 48. Ng1 Ng5
49. Bh4 Ne6 50. Bf2 c5 51. Kf1 e4 52. dxe4+ Kxe4 53. Ne2 g3 54. Bg1 Kf3 55. b4 b6
56. bxc5 bxc5 57. b3 Ke4 58. Nc3+ Kf3 59. Ne2 Kg4 60. Nc3 Nd4 61. Bxd4 cxd4 62. Ne4
f3 63. b4 Kf5 64. Nd2 Ke5 65. b5 Kd6 66. b6 Kc6 67. Nc4  1/2-1/2

[Event "5. Kaltern-Trophy 2022 Open B"]
[Site "Kaltern"]
[Date "2022.10.22"]
[Round "3"]
[Board "23"]
[White "Sartori, Stefano"]
[Black "Kofler, Albin Ernst"]
[Result "1-0"]
[WhiteElo "1229"]
[BlackElo "1498"]
[PlyCount "41"]
[EventDate "2022.10.21"]
[EventRounds "5"]
[EventCountry "ITA"]

1. d4 b6 2. e3 Bb7 3. f4 e6 4. Nf3 Nf6 5. Bd3 c5 6. c3 d5 7. O-O Nbd7 8. Ne5 cxd4
9. exd4 g6 10. Nd2 Nxe5 11. fxe5 Nd7 12. Qf3 Qe7 13. b3 Bg7 14. Ba3 Nxe5 15. dxe5
Qc7 16. Bb5+ Kd8 17. Qxf7 Qxf7 18. Rxf7 Bh6 19. Rxb7 Bxd2 20. Rf1 a6 21. Bc6  1-0

[Event "5. Kaltern-Trophy 2022 Open B"]
[Site "Kaltern"]
[Date "2022.10.23"]
[Round "4"]
[Board "1"]
[White "Budai, Leonardo"]
[Black "Lantschner, Carmen"]
[Result "1/2-1/2"]
[WhiteElo "1748"]
[BlackElo "1673"]
[PlyCount "99"]
[EventDate "2022.10.21"]
[EventRounds "5"]
[EventCountry "ITA"]

1. e4 d6 2. d4 g6 3. Nc3 Bg7 4. Nf3 Nf6 5. Be2 O-O 6. O-O Re8 7. h3 Nc6 8. Be3 e5
9. d5 Ne7 10. Nd2 Nd7 11. Nb3 Nb6 12. a4 f5 13. f3 f4 14. Bf2 Nd7 15. Qd2 Nf6 16.
Rfd1 Nh5 17. Bc4 Kh8 18. Bf1 Ng8 19. Qe1 a6 20. Kh2 Rf8 21. Nd2 Nh6 22. b4 Bd7 23.
a5 Nf7 24. Ne2 Qe7 25. c4 Rfc8 26. c5 Bf8 27. Nc4 Qg5 28. cxd6 Bxd6 29. Nxd6 cxd6
30. Rdc1 Qh6 31. Rxc8+ Rxc8 32. Rc1 Qf8 33. Nc3 g5 34. Nb1 Nf6 35. Rxc8 Bxc8 36.
Nd2 h5 37. Qc1 Qd8 38. Bb6 Qd7 39. Qc7 g4 40. Qxd7 Bxd7 41. hxg4 hxg4 42. Bd3 Kg7
43. Kg1 g3 44. Kf1 Ba4 45. Ke2 Nd7 46. Bg1 Kf8 47. Nc4 Bb5 48. Nb2 Bxd3+ 49. Nxd3
Ke8 50. Nb2  1/2-1/2

[Event "5. Kaltern-Trophy 2022 Open B"]
[Site "Kaltern"]
[Date "2022.10.23"]
[Round "4"]
[Board "2"]
[White "Lehner-Dittenberger, Sebastian"]
[Black "Wurzer, Gerhard"]
[Result "1/2-1/2"]
[WhiteElo "1720"]
[BlackElo "1898"]
[PlyCount "110"]
[EventDate "2022.10.21"]
[EventRounds "5"]
[EventCountry "ITA"]

1. e4 c6 2. Nf3 Qc7 3. Nc3 d6 4. Bc4 e6 5. d3 a5 6. a4 Be7 7. O-O Nf6 8. Bg5 Nbd7
9. Re1 e5 10. Qd2 Nf8 11. d4 Ng6 12. d5 O-O 13. Rad1 c5 14. Qd3 Bg4 15. Bxf6 Bxf6
16. Rb1 Be7 17. Nd2 Nf4 18. Qg3 Bd7 19. b3 Qd8 20. Ne2 Ng6 21. Rf1 Kh8 22. f4 exf4
23. Nxf4 Nxf4 24. Qxf4 Bg5 25. Qf2 Qe7 26. Bd3 Bf6 27. Kh1 Bg4 28. Nc4 Be5 29. Qd2
Qc7 30. Nxe5 dxe5 31. Qg5 Bc8 32. Rf3 f6 33. Rbf1 Qe7 34. Qd2 b6 35. Bb5 Qd6 36.
Qd3 Bg4 37. Rg3 Bh5 38. Qd2 Bg6 39. Qe2 Ra7 40. Bc6 Kg8 41. Qg4 Re7 42. h4 Be8 43.
Bxe8 Rfxe8 44. Qe2 Rf8 45. c4 Ref7 46. Qg4 Re7 47. h5 Qd7 48. Qxd7 Rxd7 49. h6 g6
50. Rgf3 Rd6 51. g4 g5 52. Kg2 Rf7 53. Kf2 Kf8 54. Ke3 Ke7 55. Rf5 Rf8  1/2-1/2

[Event "5. Kaltern-Trophy 2022 Open B"]
[Site "Kaltern"]
[Date "2022.10.23"]
[Round "4"]
[Board "3"]
[White "Wenski, Wolfgang"]
[Black "Casadio, Lorenzo"]
[Result "0-1"]
[WhiteElo "1720"]
[BlackElo "1795"]
[PlyCount "70"]
[EventDate "2022.10.21"]
[EventRounds "5"]
[EventCountry "ITA"]

1. e4 c5 2. Nf3 Nc6 3. d4 cxd4 4. Nxd4 Nf6 5. Nc3 e5 6. Nb3 Bb4 7. Bg5 h6 8. Bxf6
Qxf6 9. Bd3 O-O 10. O-O Bxc3 11. bxc3 d6 12. Qd2 a6 13. Rad1 Be6 14. c4 Rac8 15.
f4 exf4 16. Rxf4 Qe5 17. Rdf1 Rc7 18. Qf2 a5 19. a4 Rfc8 20. Qb6 Qc3 21. c5 d5 22.
exd5 Bxd5 23. Bf5 Be6 24. Bxe6 Qe3+ 25. Kh1 Qxe6 26. Nxa5 Nxa5 27. Qxa5 Rxc5 28.
Qa7 R5c7 29. h3 Qd5 30. Qd4 Qxd4 31. Rxd4 Rxc2 32. Rd7 R8c7 33. Rd8+ Kh7 34. Rd4
Rb2 35. Rdf4 f6  0-1

[Event "5. Kaltern-Trophy 2022 Open B"]
[Site "Kaltern"]
[Date "2022.10.23"]
[Round "4"]
[Board "4"]
[White "Ciani, Davide"]
[Black "Predan, Luca"]
[Result "1/2-1/2"]
[WhiteElo "1730"]
[BlackElo "1708"]
[PlyCount "39"]
[EventDate "2022.10.21"]
[EventRounds "5"]
[EventCountry "ITA"]

1. e4 e5 2. Nf3 Nc6 3. Bc4 Bc5 4. c3 Nf6 5. d3 d6 6. b4 Bb6 7. a4 a6 8. O-O h6 9.
h3 O-O 10. Re1 Be6 11. Bb3 Qd7 12. Bxe6 Qxe6 13. Nbd2 Rfe8 14. Nc4 Ba7 15. Ne3 Ne7
16. c4 c5 17. Qb3 Qd7 18. b5 axb5 19. axb5 Bb6 20. Bd2  1/2-1/2

[Event "5. Kaltern-Trophy 2022 Open B"]
[Site "Kaltern"]
[Date "2022.10.23"]
[Round "4"]
[Board "5"]
[White "Kuespert, Erwin"]
[Black "Budai, Federico"]
[Result "1/2-1/2"]
[WhiteElo "1778"]
[BlackElo "1666"]
[PlyCount "35"]
[EventDate "2022.10.21"]
[EventRounds "5"]
[EventCountry "ITA"]

1. d4 d5 2. Nf3 Nf6 3. e3 e6 4. Bd3 Nbd7 5. b3 b6 6. Bb2 Bb7 7. Nbd2 Ne4 8. O-O Be7
9. c4 Nxd2 10. Nxd2 Nf6 11. Qc2 dxc4 12. bxc4 O-O 13. h3 h6 14. Rad1 c5 15. Ne4 Nxe4
16. Bxe4 Bxe4 17. Qxe4 Qc7 18. d5  1/2-1/2

[Event "5. Kaltern-Trophy 2022 Open B"]
[Site "Kaltern"]
[Date "2022.10.23"]
[Round "4"]
[Board "6"]
[White "Unterweger, Jonas"]
[Black "Riedelsheimer, Julia"]
[Result "1-0"]
[WhiteElo "1565"]
[BlackElo "1682"]
[PlyCount "143"]
[EventDate "2022.10.21"]
[EventRounds "5"]
[EventCountry "ITA"]

1. d4 Nc6 2. c4 e5 3. d5 Nce7 4. e4 Ng6 5. Nf3 Bc5 6. Nc3 Nf6 7. Be2 d6 8. O-O a5
9. Be3 Bxe3 10. fxe3 O-O 11. Bd3 Ng4 12. Qe2 Nh4 13. Nxh4 Qxh4 14. h3 Nf6 15. Qf2
Qg5 16. Qf3 Nh5 17. Kh2 Qh4 18. Nb5 g6 19. g4 Bxg4 20. Qxg4 Qe7 21. Rf3 Ng7 22. Rg1
Rad8 23. h4 h5 24. Qg3 Rd7 25. Nc3 Rdd8 26. Nd1 Ne8 27. Nf2 Nf6 28. Qg5 Kg7 29. Nh3
Rd7 30. Nf2 Rg8 31. Bf1 Ng4+ 32. Nxg4 Qxg5 33. hxg5 hxg4 34. Rxg4 Rh8+ 35. Bh3 Rdd8
36. Kg3 Rh7 37. Rh4 Rxh4 38. Kxh4 b6 39. Rf2 Rh8+ 40. Kg4 Kf8 41. Rh2 Ke7 42. Rg2
Kf8 43. b3 Ke7 44. a3 Ra8 45. Kg3 Kf8 46. Bd7 Ke7 47. Bc6 Rb8 48. b4 Kf8 49. Kf2
Kg7 50. Rh2 Kg8 51. Ke2 Kg7 52. Kd3 Kg8 53. Kc3 Rf8 54. Kb3 f5 55. gxf6 Rxf6 56.
Rh3 Kg7 57. Ka4 axb4 58. axb4 Rf2 59. Kb5 Ra2 60. Bb7 Rc2 61. Ba6 Ra2 62. Rh1 g5
63. Bb7 Rc2 64. Ra1 g4 65. Rg1 Kf6 66. Rxg4 Rc3 67. Ba6 Ra3 68. Rg8 Rxe3 69. Kc6
Rxe4 70. Kxc7 Rd4 71. Kxd6 e4 72. Rf8+  1-0

[Event "5. Kaltern-Trophy 2022 Open B"]
[Site "Kaltern"]
[Date "2022.10.23"]
[Round "4"]
[Board "7"]
[White "Florian, Andreas"]
[Black "Mancin, Michele"]
[Result "0-1"]
[WhiteElo "1678"]
[BlackElo "1606"]
[PlyCount "106"]
[EventDate "2022.10.21"]
[EventRounds "5"]
[EventCountry "ITA"]

1. d4 Nf6 2. Bf4 e6 3. e3 d5 4. Nf3 Nbd7 5. Nbd2 c5 6. c3 a6 7. a4 b6 8. Bd3 Bb7
9. h3 Be7 10. O-O h6 11. Ne5 O-O 12. Re1 Re8 13. e4 dxe4 14. Nxe4 Nxe4 15. Bxe4 Bxe4
16. Rxe4 Nf6 17. Re2 Qd5 18. dxc5 Qxc5 19. Nf3 Rad8 20. Qc2 Nd5 21. Bg3 Bf6 22. Ne5
Be7 23. Rc1 Nf6 24. b4 Qc8 25. Qb3 Nd5 26. Rb2 Nxb4 27. Rbb1 Nd3 28. Rd1 Nxe5 29.
Rxd8 Rxd8 30. Bxe5 Bc5 31. Qc2 Qd7 32. Qe2 Qd2 33. Qg4 Qg5 34. Qxg5 hxg5 35. Bc7
Rd2 36. Bxb6 Bd6 37. Rc1 Ba3 38. Rb1 Rc2 39. Ba5 Bc5 40. Rb8+ Kh7 41. Ra8 Rxf2 42.
Rxa6 Ra2+ 43. Kf1 Rxa4 44. g3 Ra2 45. h4 gxh4 46. gxh4 Bf2 47. c4 Bxh4 48. Ra7 Bd8
49. Rd7 Bxa5 50. Ra7 Ra1+ 51. Ke2 Bc3 52. Rxa1 Bxa1 53. c5 Be5  0-1

[Event "5. Kaltern-Trophy 2022 Open B"]
[Site "Kaltern"]
[Date "2022.10.23"]
[Round "4"]
[Board "8"]
[White "Galise, Francesco"]
[Black "Tomio, Dante"]
[Result "1/2-1/2"]
[WhiteElo "1520"]
[BlackElo "1678"]
[PlyCount "89"]
[EventDate "2022.10.21"]
[EventRounds "5"]
[EventCountry "ITA"]

1. e4 c5 2. Nc3 e6 3. Nf3 a6 4. a4 Nc6 5. Be2 Qc7 6. O-O Nf6 7. Re1 h5 8. d3 Bd6
9. g3 Ng4 10. Nh4 Nf6 11. Bg5 Nd4 12. Bf1 b6 13. Ne2 Bb7 14. Nxd4 cxd4 15. Rc1 Qc5
16. Nf3 Nh7 17. Bd2 h4 18. e5 Bc7 19. Bf4 hxg3 20. Bxg3 Bc6 21. b3 g5 22. Bg2 O-O-O
23. Nd2 Bxg2 24. Kxg2 Qd5+ 25. Qf3 g4 26. Qxd5 exd5 27. c3 dxc3 28. Rxc3 Kb7 29.
Nf1 Ng5 30. d4 Nf3 31. Rd1 d6 32. Rdc1 Bb8 33. exd6 Bxd6 34. Bxd6 Rxd6 35. Rc7+ Kb8
36. Rxf7 Nxd4 37. Rcc7 Ne6 38. Rh7 Rxh7 39. Rxh7 d4 40. Rh4 Nc5 41. Nd2 d3 42. Rxg4
Nxb3 43. Nxb3 d2 44. Nxd2 Rxd2 45. h4  1/2-1/2

[Event "5. Kaltern-Trophy 2022 Open B"]
[Site "Kaltern"]
[Date "2022.10.23"]
[Round "4"]
[Board "9"]
[White "Posch, Thomas"]
[Black "Gouali, Ameziane"]
[Result "1-0"]
[WhiteElo "1850"]
[BlackElo "1572"]
[PlyCount "88"]
[EventDate "2022.10.21"]
[EventRounds "5"]
[EventCountry "ITA"]

1. c4 Nf6 2. g3 g6 3. Bg2 Bg7 4. Nc3 O-O 5. Nf3 d6 6. O-O e5 7. d3 Nc6 8. Rb1 a5
9. a3 Re8 10. e4 Bd7 11. h3 Rf8 12. b4 axb4 13. axb4 Nh5 14. Be3 Nd4 15. Kh2 Qe8
16. Nd5 Rc8 17. Qd2 f5 18. Nxd4 exd4 19. Bg5 Nf6 20. Rfe1 fxe4 21. Nxf6+ Bxf6 22.
Rxe4 Qd8 23. Bxf6 Rxf6 24. Rxd4 b6 25. Rf4 Qf8 26. Rxf6 Qxf6 27. Re1 Rf8 28. f4 Re8
29. Rxe8+ Bxe8 30. Qe3 Bd7 31. d4 Kg7 32. g4 Qe6 33. Qxe6 Bxe6 34. c5 bxc5 35. bxc5
Kf6 36. Kg3 Bc4 37. cxd6 cxd6 38. Be4 Ke6 39. g5 Bd5 40. Bd3 Bh1 41. h4 Kd5 42. h5
Be4 43. hxg6 hxg6 44. Bxe4+ Kxe4  1-0

[Event "5. Kaltern-Trophy 2022 Open B"]
[Site "Kaltern"]
[Date "2022.10.23"]
[Round "4"]
[Board "10"]
[White "Tomisich, Claudio"]
[Black "Straub, Jochen"]
[Result "1/2-1/2"]
[WhiteElo "1438"]
[BlackElo "1752"]
[PlyCount "57"]
[EventDate "2022.10.21"]
[EventRounds "5"]
[EventCountry "ITA"]

1. e4 d6 2. d4 Nf6 3. Nc3 c6 4. Nf3 Bg4 5. h3 Bh5 6. Be2 Nbd7 7. Be3 e5 8. dxe5 dxe5
9. O-O Be7 10. Nh2 Bxe2 11. Qxe2 O-O 12. Rad1 Qc7 13. Ng4 Nxg4 14. Qxg4 Nf6 15. Qf5
Rfd8 16. Qf3 b6 17. a3 Rxd1 18. Rxd1 Rd8 19. Qe2 Rd7 20. Bg5 h6 21. Bh4 Rxd1+ 22.
Nxd1 Qd7 23. Qd3 Qxd3 24. cxd3 Kf8 25. Kf1 Nd7 26. Bxe7+ Kxe7 27. Ke2 Nc5 28. Ne3
g6 29. Ng4  1/2-1/2

[Event "5. Kaltern-Trophy 2022 Open B"]
[Site "Kaltern"]
[Date "2022.10.23"]
[Round "4"]
[Board "11"]
[White "Danti, Alessandro"]
[Black "Zanin, Luca"]
[Result "0-1"]
[WhiteElo "1534"]
[BlackElo "1669"]
[PlyCount "68"]
[EventDate "2022.10.21"]
[EventRounds "5"]
[EventCountry "ITA"]

1. d4 Nf6 2. c4 e6 3. Nf3 b6 4. g3 Ba6 5. Qc2 c5 6. Bg2 Bb7 7. O-O cxd4 8. b3 d6
9. e3 dxe3 10. Bxe3 Be7 11. Nc3 O-O 12. Rad1 Qc8 13. Nb5 Rd8 14. Bf4 Ne8 15. Bg5
Nc6 16. Nbd4 Nxd4 17. Rxd4 Bxf3 18. Bxe7 Bxg2 19. Bxd8 Bxf1 20. Rh4 Qxd8 21. Qxh7+
Kf8 22. Kxf1 e5 23. Qe4 Rc8 24. Rh8+ Ke7 25. Qh4+ f6 26. Qh7 Qd7 27. Qg8 Qe6 28.
Qf8+ Kd7 29. h4 d5 30. Qa3 Rc7 31. Qa4+ Qc6 32. Qb4 dxc4 33. Qd2+ Qd6 34. Qe2 Qd3
 0-1

[Event "5. Kaltern-Trophy 2022 Open B"]
[Site "Kaltern"]
[Date "2022.10.23"]
[Round "4"]
[Board "12"]
[White "Lehner-Dittenberger, Paul"]
[Black "Taufer, Livio"]
[Result "1/2-1/2"]
[WhiteElo "1644"]
[BlackElo "1534"]
[PlyCount "72"]
[EventDate "2022.10.21"]
[EventRounds "5"]
[EventCountry "ITA"]

1. e4 d5 2. exd5 Qxd5 3. Nc3 Qd8 4. Bc4 Nf6 5. d3 Nc6 6. Nge2 Na5 7. O-O Nxc4 8.
dxc4 Qxd1 9. Rxd1 Bf5 10. Bf4 c6 11. Rd2 e6 12. a3 Be7 13. Rad1 O-O 14. Ng3 Bg6 15.
Nce2 Rad8 16. c3 Rxd2 17. Rxd2 Rd8 18. b4 Rxd2 19. Bxd2 Bd3 20. c5 Nd5 21. f3 g6
22. Kf2 Bh4 23. f4 f5 24. Nd4 Nc7 25. Ke3 Bc4 26. Nge2 Kf7 27. Nf3 Nd5+ 28. Kd4 Bxe2
29. Nxh4 Nc7 30. a4 Kf6 31. c4 Ke7 32. Nf3 Bxf3 33. gxf3 Ne8 34. Ke5 Nf6 35. Be1
Nd7+ 36. Kd4 Kf6  1/2-1/2

[Event "5. Kaltern-Trophy 2022 Open B"]
[Site "Kaltern"]
[Date "2022.10.23"]
[Round "4"]
[Board "13"]
[White "Morganti, Lionello"]
[Black "Comisso, Daniele"]
[Result "1-0"]
[WhiteElo "1594"]
[BlackElo "1475"]
[PlyCount "77"]
[EventDate "2022.10.21"]
[EventRounds "5"]
[EventCountry "ITA"]

1. e4 e6 2. d4 d5 3. exd5 exd5 4. Bd3 Bd6 5. Nf3 Nf6 6. O-O O-O 7. Bg5 h6 8. Bh4
Bg4 9. Nbd2 Nbd7 10. Re1 Re8 11. c3 c6 12. Qc2 Qc7 13. Bf5 Bxf5 14. Qxf5 g6 15. Qc2
b6 16. Bg3 Bxg3 17. hxg3 Kg7 18. Rxe8 Rxe8 19. Re1 Re6 20. Rxe6 fxe6 21. Nh4 Nf8
22. Nhf3 N8d7 23. Nh4 Nf8 24. Nhf3 N6d7 25. Qd3 e5 26. dxe5 Nxe5 27. Nxe5 Qxe5 28.
Nf3 Qe6 29. Qd4+ Kh7 30. Qe5 Qd7 31. Qf6 Qc8 32. Ne5 Qe8 33. Nxc6 Qe1+ 34. Kh2 Ne6
35. Qe7+ Kg8 36. Nd8 Qd1 37. Qxe6+ Kh8 38. Qxg6 Qd4 39. Nf7#  1-0

[Event "5. Kaltern-Trophy 2022 Open B"]
[Site "Kaltern"]
[Date "2022.10.23"]
[Round "4"]
[Board "14"]
[White "Huchler, Stefan"]
[Black "Casisa, Davide"]
[Result "0-1"]
[WhiteElo "1539"]
[BlackElo "1443"]
[PlyCount "48"]
[EventDate "2022.10.21"]
[EventRounds "5"]
[EventCountry "ITA"]

1. e4 e5 2. Nf3 Nc6 3. d4 exd4 4. Nxd4 Bc5 5. Nxc6 bxc6 6. Bc4 Ne7 7. Bxf7+ Kxf7
8. Qh5+ Ng6 9. Qxc5 h6 10. O-O Qe7 11. Qc4+ Qe6 12. Qe2 Re8 13. Nc3 d5 14. Qf3+ Kg8
15. exd5 cxd5 16. Bd2 Bb7 17. Qh5 d4 18. Nb5 Qc6 19. f3 Re5 20. Nxd4 Rxh5 21. Nxc6
Bxc6 22. Bc3 Rg5 23. Rae1 Nh4 24. Rf2 Nxf3+  0-1

[Event "5. Kaltern-Trophy 2022 Open B"]
[Site "Kaltern"]
[Date "2022.10.23"]
[Round "4"]
[Board "15"]
[White "Giusti, Francesco"]
[Black "Galow, Michael"]
[Result "1/2-1/2"]
[WhiteElo "1499"]
[BlackElo "1746"]
[PlyCount "73"]
[EventDate "2022.10.21"]
[EventRounds "5"]
[EventCountry "ITA"]

1. e4 c6 2. Nf3 d5 3. exd5 cxd5 4. d4 Nc6 5. h3 Bf5 6. Bd3 Bxd3 7. Qxd3 e6 8. O-O
Bd6 9. Re1 Qc7 10. a3 Nge7 11. Nc3 a6 12. b4 Rc8 13. Bd2 b5 14. Ne2 Nb8 15. c3 Nd7
16. Nc1 O-O 17. Nb3 Nb6 18. Nc5 Bxc5 19. bxc5 Nc4 20. Bc1 Ng6 21. g3 e5 22. dxe5
Qxc5 23. Be3 Qc7 24. Bd4 Rfe8 25. Qf5 Qe7 26. Ra2 Qe6 27. Qxe6 fxe6 28. a4 h6 29.
axb5 axb5 30. Ra7 Rf8 31. Kg2 Ra8 32. Rea1 Rxa7 33. Rxa7 Rb8 34. Ra6 Kf7 35. Ra7+
Kg8 36. Ra6 Kf7 37. Ra7+  1/2-1/2

[Event "5. Kaltern-Trophy 2022 Open B"]
[Site "Kaltern"]
[Date "2022.10.23"]
[Round "4"]
[Board "16"]
[White "Aab, Manfred"]
[Black "Boaron, Arianna"]
[Result "1/2-1/2"]
[WhiteElo "1706"]
[BlackElo "1381"]
[PlyCount "83"]
[EventDate "2022.10.21"]
[EventRounds "5"]
[EventCountry "ITA"]

1. d4 Nf6 2. Nf3 c5 3. e3 g6 4. b3 Bg7 5. Bb2 O-O 6. Bd3 b6 7. O-O Bb7 8. Nbd2 Nc6
9. a3 e6 10. Rc1 d6 11. c4 Qc7 12. Qc2 Rfd8 13. Rfd1 Rac8 14. Qb1 Qe7 15. Re1 d5
16. cxd5 Rxd5 17. dxc5 bxc5 18. Be2 Ng4 19. Rc2 Nge5 20. Rec1 Nxf3+ 21. Bxf3 Rd3
22. Bxg7 Kxg7 23. Ne4 Na5 24. Qb2+ e5 25. b4 Nb3 26. Rb1 c4 27. Nc5 Nxc5 28. bxc5
Bxf3 29. gxf3 Qxc5 30. Rbc1 Qxa3 31. Qxe5+ Kg8 32. Rxc4 Rxc4 33. Rxc4 Qa6 34. Qe8+
Kg7 35. Qe5+ Qf6 36. Qxf6+ Kxf6 37. Kf1 Rd7 38. Ke2 Kg5 39. Ra4 f5 40. Kf1 Rf7 41.
Kg2 h6 42. h4+  1/2-1/2

[Event "5. Kaltern-Trophy 2022 Open B"]
[Site "Kaltern"]
[Date "2022.10.23"]
[Round "4"]
[Board "17"]
[White "Stivaletta, Andrea"]
[Black "Sodomaco, Andrea"]
[Result "1/2-1/2"]
[WhiteElo "1667"]
[BlackElo "1408"]
[PlyCount "60"]
[EventDate "2022.10.21"]
[EventRounds "5"]
[EventCountry "ITA"]

1. e4 c5 2. Nf3 d6 3. d4 cxd4 4. Nxd4 Nf6 5. Nc3 a6 6. Be2 e5 7. Nb3 Be7 8. Be3 b5
9. a3 Bb7 10. f3 O-O 11. Qd2 d5 12. exd5 Nxd5 13. Nxd5 Bxd5 14. Nc5 Nc6 15. Rd1 Bc4
16. Bxc4 Qxd2+ 17. Rxd2 bxc4 18. O-O Nd4 19. Nd7 Rfd8 20. Nxe5 Nf5 21. Rxd8+ Rxd8
22. Bb6 Rc8 23. Rd1 f6 24. Ng4 Rb8 25. Ne3 Nxe3 26. Bxe3 Rxb2 27. Rd5 Rxc2 28. Ra5
Rc3 29. Bc5 Bxc5+ 30. Rxc5 Rxa3  1/2-1/2

[Event "5. Kaltern-Trophy 2022 Open B"]
[Site "Kaltern"]
[Date "2022.10.23"]
[Round "4"]
[Board "18"]
[White "Cescatti, Riccardo"]
[Black "Sartori, Stefano"]
[Result "1-0"]
[WhiteElo "1536"]
[BlackElo "1229"]
[PlyCount "35"]
[EventDate "2022.10.21"]
[EventRounds "5"]
[EventCountry "ITA"]

1. e4 e6 2. d4 d5 3. e5 c5 4. c3 cxd4 5. cxd4 Nc6 6. Nf3 Qb6 7. Bd3 Bd7 8. O-O Nh6
9. Bxh6 Qxb2 10. Nbd2 gxh6 11. Rb1 Qa3 12. Rb3 Qxa2 13. Rxb7 Rb8 14. Qb1 Qxb1 15.
Rfxb1 Rd8 16. Bb5 Bb4 17. Bxc6 Bxd2 18. Bxd7+  1-0

[Event "5. Kaltern-Trophy 2022 Open B"]
[Site "Kaltern"]
[Date "2022.10.23"]
[Round "4"]
[Board "19"]
[White "Marinig, Lorenzo"]
[Black "Saroldi, Giacomo"]
[Result "1/2-1/2"]
[WhiteElo "1257"]
[BlackElo "1500"]
[PlyCount "41"]
[EventDate "2022.10.21"]
[EventRounds "5"]
[EventCountry "ITA"]

1. d4 f5 2. Bf4 e6 3. c4 Nf6 4. e3 b6 5. Nf3 Bb7 6. Nbd2 Bd6 7. Bg3 O-O 8. Bd3 Qe7
9. Qc2 Nc6 10. a3 a5 11. c5 bxc5 12. Bxd6 cxd6 13. dxc5 d5 14. O-O Ba6 15. Nd4 Bxd3
16. Qxd3 Ne5 17. Qc2 g5 18. N2f3 Nxf3+ 19. Nxf3 g4 20. Ne5 Rfc8 21. Qa4  1/2-1/2